| 000 | 01268cam a22002771i 4500 | ||
|---|---|---|---|
| 003 | SA-RiAUC | ||
| 005 | 20250524051352.0 | ||
| 008 | 250513s2012 su g 000 0 ara c | ||
| 040 |
_aSA-JeGAR _bara _cSA-RiAUC _erda |
||
| 082 | 0 | 4 |
_a252.5 _qSA-RiAUC |
| 090 |
_a252.5 _bا ب ن د |
||
| 100 | 1 |
_aابن دهيش، عبد الملك بن عبد الله، _d1360 هجري- _eمؤلف. |
|
| 245 | 1 | 2 |
_aالتيسير للناسك في أداء المناسك / _cعبد الملك بن عبد الله بن دهيش ؛ راجعه واهتم بطباعته هشام بن عبد الملك بن دهيش. |
| 250 | _aالطبعة الثالثة. | ||
| 264 | 1 |
_aمكة المكرمة : _bالمكتبة الأسدية، _c2012 |
|
| 300 |
_a260 صفحة ؛ _c24 سم |
||
| 336 |
_aنص _btxt _2rdacontent _3كتاب |
||
| 337 |
_aبدون وسيط _bn _2rdamedia |
||
| 338 |
_aمجلد _bnc _2rdacarrier |
||
| 650 | 7 |
_aالحج (فقه إسلامي) _xمناسك _2aucsh |
|
| 650 | 7 |
_aالعمرة (فقه إسلامي) _xمناسك _2aucsh |
|
| 650 | 7 |
_aالعبادات (فقه إسلامي) _2aucsh |
|
| 700 | 1 |
_aابن دهيش، هشام بن عبد الملك بن عبد الله _eمراجع. |
|
| 942 |
_2ddc _cBOOK _n0 |
||
| 949 |
_aSA-JeALM _d250513 _umohamedma123 _n1 |
||
| 999 |
_c8319 _d8319 |
||